000 00547ntaaa2200193 4500
003 01
005 20251027202847.0
008 0714s1973 ag 01
040 _aAR-BaBN
_bspa
_cAR-BaBN
_eaacr
_dRIC
082 _a269.0000 H15
100 _aHallenbeck, Edwin Forrest
245 _aLa pasión por las almas
250 _a1 ed.
260 _aEl Paso :
_bCasa Bautista de Publicaciones,
_c1952
300 _a71 p
500 _aEjs. 4-13 (25491-25500) libros retirados definitivamente de biblioteca
650 _aevangelismo personal
942 _cBK
999 _c23975
_d23975